000 00293nam a22001337a 4500
008 170911b xxu||||| |||| 00| 0 eng d
020 _a9780753459478
041 _aeng
080 _a52
100 _a43
101 _aAST
245 _a1,000 QUESTIONS & ANSWERS
_cKERROD, R
942 _2udc
_cBK
999 _c27234
_d27234